GETS Theological Seminary Library

走出情緖風暴: (Record no. 582)

MARC details
000 -LEADER
fixed length control field 01206nam a2200277Ia 4500
003 - CONTROL NUMBER IDENTIFIER
control field OSt
005 - DATE AND TIME OF LATEST TRANSACTION
control field 20241023163104.0
008 - FIXED-LENGTH DATA ELEMENTS--GENERAL INFORMATION
fixed length control field 200731s9999 xx 000 0 und d
020 ## - INTERNATIONAL STANDARD BOOK NUMBER
International Standard Book Number 1885216831
020 ## - INTERNATIONAL STANDARD BOOK NUMBER
International Standard Book Number 9781885216830  
040 ## - CATALOGING SOURCE
Transcribing agency 0
041 ## - LANGUAGE CODE
Language code of text/sound track or separate title chi
Language code of original eng
050 ## - LIBRARY OF CONGRESS CALL NUMBER
Classification number BV4597.3
Item number .P4812 2007
100 ## - MAIN ENTRY--PERSONAL NAME
Personal name Philips, Bob
245 ## - TITLE STATEMENT
Title 走出情緖風暴:
Remainder of title = Getting off the emotional roller coaster /
Statement of responsibility, etc. 鮑伯·腓立普斯 (Bob Philips) 著; 蔡岱安譯
246 ## - VARYING FORM OF TITLE
Title proper/short title 走出情绪风暴:
260 ## - PUBLICATION, DISTRIBUTION, ETC.
Place of publication, distribution, etc. 洛杉磯,
Name of publisher, distributor, etc. 台福傳播中心,
Date of publication, distribution, etc. 2007
300 ## - PHYSICAL DESCRIPTION
Extent 239 p. :
Other physical details ill. ;
Dimensions 21 cm.
500 ## - GENERAL NOTE
General note Translation of: Getting off the emotional roller coaster / Bob Phillips ; Eugene, Or. : Harvest House Publishers, 2001.
505 ## - FORMATTED CONTENTS NOTE
Formatted contents note 此書將提供你一些問題和練習來幫助你評估處境,並運一些經節來激發你的意志與勉勵你。這本寫實又實用的指引,將幫助你找到簡易的答案與快速的解決之道,幫助你在每日的生活裡尋得平安與希望。
650 ## - SUBJECT ADDED ENTRY--TOPICAL TERM
Topical term or geographic name entry element Christianity -- Psychology.
650 ## - SUBJECT ADDED ENTRY--TOPICAL TERM
Topical term or geographic name entry element Emotions -- Religious aspects -- Christianity.
700 ## - ADDED ENTRY--PERSONAL NAME
Personal name 蔡岱安
700 ## - ADDED ENTRY--PERSONAL NAME
Personal name 鮑伯·腓立普斯
942 ## - ADDED ENTRY ELEMENTS (KOHA)
Source of classification or shelving scheme
Koha item type Chinese Book
Holdings
Withdrawn status Lost status Damaged status Not for loan Home library Current library Shelving location Date acquired Total Checkouts Full call number Barcode Date last seen Price effective from Koha item type
        GETS Theological Seminary Library GETS Theological Seminary Library General Stacks 07/12/2020   BV4597.3 .P4812 2007 00000535 07/12/2020 07/12/2020 Chinese Book
OpacCredits

Contact the Librarian, GETS Library
Email: library@mygets.org









Implemented by GETS Library
(Powered by ETCA Professional Group)
GETS Theological Seminary
412 E. Rowland Street, CA 91723